[Event "Irish Championship 1999"]
[Site "Drogheda IRL"]
[Date "1999.04.07"]
[Round "5"]
[White "O'Connor, Jonathan"]
[Black "Clarke, Tom"]
[Result "0-1"]
[WhiteElo "2120"]
[BlackElo "2170"]
[WhiteICU "2162"]
[BlackICU "2110"]
[WhiteClub "Dublin"]
[BlackClub "North Belfast"]
[WhiteNationality "IRL"]
[BlackNationality "IRL"]
[WhiteFideId "2501112"]
[BlackFideId "2500302"]
[PlyCount "108"]
[EventDate "1999.04.03"]

{ Reference: <a
href="https://www.irlchess.com/irlch1999_allfiles/pairings_irlch1999.html">Tournament
report</a>. }

1. e4 e6 2. d4 d5 3. Nc3 Bb4 4. e5 c5 5. a3 Bxc3+ 6. bxc3 Nc6 7. Qg4 Qa5 8.
Bd2 g6 9. Qd1 Qa4 10. Rb1 cxd4 11. Bb5 Qxa3 12. cxd4 Bd7 13. Nf3 Qf8 14.
O-O Qg7 15. Re1 h6 16. c4 Nge7 17. Qb3 O-O 18. Qa2 a6 19. Ba4 b5 20. cxd5
exd5 21. Bd1 Bf5 22. Rb3 Be4 23. Ra3 Bxf3 24. gxf3 Nxd4 25. Rxa6 Rxa6 26.
Qxa6 Nef5 27. Qb7 Rd8 28. Ba5 Qf8 29. Qb6 Rb8 30. Qf6 Re8 31. Qb6 Qa3 32.
Bd2 Qd3 33. Be3 Nxe3 34. fxe3 Nf5 35. Be2 Qxe3+ 36. Qxe3 Nxe3 37. Bxb5 Rxe5
38. Kf2 d4 39. Bd3 Rg5 40. Bf1 Rh5 41. Kg3 Nxf1+ 42. Rxf1 Rd5 43. Kf2 Kg7
44. Ke2 Rh5 45. Rf2 Kf6 46. Kd3 Ke5 47. Re2+ Kf4 48. Rf2 Rh3 49. Kxd4 Rxf3
50. Ra2 Rf1 51. Rd2 g5 52. Kd3 Kf5 53. Kd4 g4 54. Kd5 h5 0-1

[Event "Irish Championship 1999"]
[Site "Drogheda IRL"]
[Date "1999.04.07"]
[Round "5"]
[White "O'Donovan, Richard"]
[Black "O'Cinneide, Mel"]
[Result "1-0"]
[WhiteElo "2176"]
[BlackElo "2281"]
[WhiteICU "2086"]
[BlackICU "2247"]
[WhiteClub "Public Service"]
[BlackClub "Crumlin"]
[WhiteNationality "IRL"]
[BlackNationality "IRL"]
[WhiteFideId "2500868"]
[BlackFideId "2500620"]
[PlyCount "83"]
[EventDate "1999.04.03"]
[BlackFullName "&Oacute; Cinn&eacute;ide, Mel"]

{ Reference: <a
href="https://www.irlchess.com/irlch1999_allfiles/pairings_irlch1999.html">Tournament
report</a>. }

1. e4 c6 2. d4 d5 3. e5 Bf5 4. Ne2 e6 5. Ng3 Bg6 6. h4 h6 7. h5 Bh7 8. Nd2
c5 9. dxc5 Nc6 10. Bb5 Bxc5 11. Nb3 Bf8 12. Nd4 Qc7 13. O-O Ne7 14. Re1 a6
15. Ba4 O-O-O 16. c3 Kb8 17. b4 Nxd4 18. Qxd4 Qc4 19. Qb6 Qc7 20. Qd4 Qc4
21. Qb6 Qc7 22. Qd4 b5 23. Bb3 Nc6 24. Qg4 Nxe5 25. Rxe5 Qxc3 26. Bf4 Bd6
27. Ree1 Qf6 28. Bxd6+ Rxd6 29. Qe2 Qf4 30. Qe3 Qxe3 31. Rxe3 Rc8 32. Ree1
Rdc6 33. Ne2 Bd3 34. Nd4 R6c7 35. Re3 Bc4 36. Rg3 e5 37. Nf5 Bxb3 38. Rxb3
f6 39. Rg3 Rc2 40. Rxg7 Rb2 41. Nxh6 d4 42. Nf5 1-0

[Event "Irish Championship 1999"]
[Site "Drogheda IRL"]
[Date "1999.04.07"]
[Round "5"]
[White "Ryan, Joe"]
[Black "Brady, Stephen"]
[Result "1/2-1/2"]
[BlackTitle "FM"]
[WhiteElo "2277"]
[BlackElo "2320"]
[WhiteICU "2258"]
[BlackICU "2263"]
[WhiteClub "Bray/Greystones"]
[BlackClub "Public Service"]
[WhiteNationality "IRL"]
[BlackNationality "IRL"]
[WhiteFideId "2500426"]
[BlackFideId "2500124"]
[PlyCount "117"]
[EventDate "1999.04.03"]

{ Reference: <a
href="https://www.irlchess.com/irlch1999_allfiles/pairings_irlch1999.html">Tournament
report</a>. }

1. d4 Nf6 2. Nf3 e6 3. e3 c5 4. Bd3 b6 5. O-O Bb7 6. c4 Be7 7. Nc3 O-O 8.
d5 exd5 9. cxd5 d6 10. e4 a6 11. a4 Nbd7 12. h3 Ne5 13. Nxe5 dxe5 14. f4
Bd6 15. f5 Ne8 16. Be3 Be7 17. Qg4 Kh8 18. Rf3 Nf6 19. Qg3 Rc8 20. Qf2 Ne8
21. Qe2 Ra8 22. Raf1 Bg5 23. Bf2 Qe7 24. Qe1 Nc7 25. h4 Bf6 26. g4 g5 27.
fxg6 fxg6 28. Bg3 Bg7 29. Rxf8+ Rxf8 30. Rxf8+ Qxf8 31. Qf2 Qxf2+ 32. Kxf2
Ne8 33. b3 Kg8 34. Kf3 Kf7 35. Nb1 Nd6 36. Bf2 Bf8 37. a5 bxa5 38. Bxc5 Nb5
39. Bxf8 Nd4+ 40. Ke3 Kxf8 41. Bc4 Ke7 42. Nd2 Kd6 43. Kd3 h6 44. g5 hxg5
45. hxg5 Kc5 46. Kc3 Bc8 47. Bd3 Nb5+ 48. Bxb5 axb5 49. Nf3 Kd6 50. Nh4 Bg4
51. Nxg6 Bf3 52. Kd3 a4 53. bxa4 bxa4 54. Nh4 a3 55. Nf5+ Kc5 56. Ne3 a2
57. Nc2 Bh5 58. Kc3 Bg6 59. Kd3 1/2-1/2

[Event "Irish Championship 1999"]
[Site "Drogheda IRL"]
[Date "1999.04.08"]
[Round "6"]
[White "Brady, Stephen"]
[Black "O'Donovan, Richard"]
[Result "1/2-1/2"]
[WhiteTitle "FM"]
[WhiteElo "2320"]
[BlackElo "2176"]
[WhiteICU "2263"]
[BlackICU "2086"]
[WhiteClub "Public Service"]
[BlackClub "Public Service"]
[WhiteNationality "IRL"]
[BlackNationality "IRL"]
[WhiteFideId "2500124"]
[BlackFideId "2500868"]
[PlyCount "81"]
[EventDate "1999.04.03"]

{ Reference: <a
href="https://www.irlchess.com/irlch1999_allfiles/pairings_irlch1999.html">Tournament
report</a>. }

1. e4 c5 2. c3 Nf6 3. e5 Nd5 4. d4 cxd4 5. Nf3 Nc6 6. Bc4 Nb6 7. Bb3 d5 8.
exd6 Qxd6 9. O-O Be6 10. Bxe6 Qxe6 11. Nxd4 Nxd4 12. Qxd4 Rd8 13. Qh4 Qe2
14. Bd2 Qc4 15. Qg3 Qd3 16. Be3 Nc4 17. Bxa7 Qxg3 18. hxg3 Nxb2 19. Na3 e5
20. Nb5 Kd7 21. c4 Rc8 22. Rab1 Nxc4 23. Nc3 b6 24. Na4 Ra8 25. Nxb6+ Nxb6
26. Bxb6 Rxa2 27. Rfd1+ Bd6 28. Bc5 Ra6 29. Bxd6 Rxd6 30. Rb7+ Ke6 31.
Rxd6+ Kxd6 32. Rxf7 Rg8 33. Ra7 Ke6 34. Ra6+ Kf5 35. f3 h5 36. Ra5 g5 37.
Ra4 g4 38. f4 exf4 39. Ra5+ Ke4 40. Ra4+ Kf5 41. Ra5+ 1/2-1/2

[Event "Irish Championship 1999"]
[Site "Drogheda IRL"]
[Date "1999.04.08"]
[Round "6"]
[White "Daly, Colm"]
[Black "Ryan, Joe"]
[Result "1/2-1/2"]
[WhiteTitle "FM"]
[WhiteElo "2376"]
[BlackElo "2277"]
[WhiteICU "2344"]
[BlackICU "2258"]
[WhiteClub "Swords"]
[BlackClub "Bray/Greystones"]
[WhiteNationality "IRL"]
[BlackNationality "IRL"]
[WhiteFideId "2500434"]
[BlackFideId "2500426"]
[PlyCount "158"]
[EventDate "1999.04.03"]

{ Reference: <a
href="https://www.irlchess.com/irlch1999_allfiles/pairings_irlch1999.html">Tournament
report</a>. }

1. c4 c6 2. Nf3 d5 3. e3 Nf6 4. h3 e6 5. b3 Nbd7 6. Bb2 Bd6 7. Nc3 a6 8. d4
O-O 9. Bd3 Re8 10. O-O e5 11. dxe5 Nxe5 12. cxd5 cxd5 13. Na4 Nc6 14. Bxf6
Qxf6 15. Nb6 Rb8 16. Nxd5 Qh6 17. Re1 Be6 18. Nf4 Bxf4 19. exf4 Qxf4 20.
Re4 Qf6 21. Rc1 Red8 22. Qe2 Bf5 23. Re3 Bxd3 24. Rxd3 Rxd3 25. Qxd3 Rd8
26. Qe4 h6 27. Re1 Qd6 28. h4 Qd5 29. Qf4 Qd7 30. a3 Re8 31. Rxe8+ Qxe8 32.
b4 Qd7 33. Qe4 Qe7 34. Qf5 Qd8 35. g3 Ne7 36. Qf4 Nc6 37. Qe4 Qe7 38. Qxe7
Nxe7 39. Kf1 Nc6 40. Ke2 Kf8 41. Kd3 Ke7 42. Ke4 Kd6 43. h5 g6 44. hxg6
fxg6 45. Nh4 Ne7 46. f4 Ke6 47. Nxg6 Nxg6 48. f5+ Kf6 49. fxg6 Kxg6 $10 50.
Kd5 Kg5 51. Kc5 Kg4 52. Kb6 Kxg3 53. Kxb7 h5 54. Kxa6 h4 55. b5 h3 56. b6
h2 57. b7 h1=Q 58. b8=Q+ Kf2 59. a4 Qd5 60. a5 Ke1 61. Qb1+ Kd2 62. Qb2+
Kd1 63. Qb1+ Kd2 64. Qb4+ Kd1 65. Qg4+ Ke1 66. Qg3+ Kd2 67. Qf4+ Kd1 68.
Kb6 Qd8+ 69. Qc7 Qd4+ 70. Kb7 Qd5+ 71. Kc8 Ke1 72. Kb8 Qb3+ 73. Ka7 Qe3+
74. Kb7 Qb3+ 75. Kc8 Qg8+ 76. Kd7 Qd5+ 77. Ke8 Qg8+ 78. Ke7 Qg5+ 79. Kd7
Qd5+ 1/2-1/2

[Event "Irish Championship 1999"]
[Site "Drogheda IRL"]
[Date "1999.04.08"]
[Round "6"]
[White "Kennedy, John P. A."]
[Black "McCarthy, Jim"]
[Result "1/2-1/2"]
[WhiteElo "2120"]
[BlackElo "2135"]
[WhiteICU "1721"]
[BlackICU "1885"]
[WhiteClub "Rathmines"]
[BlackClub "St. Benildus"]
[WhiteNationality "IRL"]
[BlackNationality "IRL"]
[WhiteFideId "2501120"]
[BlackFideId "2500930"]
[PlyCount "55"]
[EventDate "1999.04.03"]

{ Reference: <a
href="https://www.irlchess.com/irlch1999_allfiles/pairings_irlch1999.html">Tournament
report</a>. }

1. c4 Nf6 2. g3 c5 3. Nc3 d5 4. cxd5 Nxd5 5. Bg2 Nc7 6. Nf3 Nc6 7. O-O e5
8. Qc2 Be7 9. a3 O-O 10. d3 Be6 11. Be3 Rc8 12. Qd1 b6 13. Ng5 Bxg5 14.
Bxg5 Qxg5 15. Bxc6 Bh3 16. Bg2 Bxg2 17. Kxg2 Rcd8 18. b4 Ne6 19. Ne4 Qe7
20. bxc5 Nxc5 21. Nxc5 Qxc5 22. Qb3 Rc8 23. Rac1 Qe7 24. f3 Rc7 25. Rc4
Rxc4 26. dxc4 Rc8 27. Rd1 g6 28. Qa4 1/2-1/2

[Event "Irish Championship 1999"]
[Site "Drogheda IRL"]
[Date "1999.04.08"]
[Round "6"]
[White "O'Cinneide, Mel"]
[Black "O'Rourke, Ray"]
[Result "1-0"]
[WhiteElo "2281"]
[BlackElo "2052"]
[WhiteICU "2247"]
[BlackICU "2001"]
[WhiteClub "Crumlin"]
[BlackClub "Elm Mount"]
[WhiteNationality "IRL"]
[BlackNationality "IRL"]
[WhiteFideId "2500620"]
[BlackFideId "2501023"]
[PlyCount "87"]
[EventDate "1999.04.03"]
[WhiteFullName "&Oacute; Cinn&eacute;ide, Mel"]

{ Reference: <a
href="https://www.irlchess.com/irlch1999_allfiles/pairings_irlch1999.html">Tournament
report</a>. }

1. c4 Nf6 2. Nc3 g6 3. g3 Bg7 4. Bg2 d6 5. e4 O-O 6. Nge2 e5 7. O-O Re8 8.
f4 exf4 9. gxf4 c5 10. d3 Nc6 11. Kh1 Ng4 12. h3 Qh4 13. Kg1 Nf6 14. Qe1
Qxe1 15. Rxe1 Nb4 16. Rd1 Bd7 17. a3 Nc2 18. Rb1 Nh5 19. Bf3 Bxh3 20. Kh2
Bd7 21. Bxh5 gxh5 22. f5 Be5+ 23. Bf4 Ne3 24. Rh1 Kh8 25. Kg3 Rg8+ 26. Kf3
Nxf5 27. exf5 Bxf5 28. Bxe5+ dxe5 29. Ke3 Bg4 30. Ng3 f5 31. Nxh5 Raf8 32.
Nd5 Rg6 33. Kd2 f4 34. Rbe1 f3 35. Rxe5 f2 36. Ne3 Bd7 37. Nf1 Rg1 38. Nhg3
Bc6 39. Rhh5 Bf3 40. Rhf5 Rxf5 41. Rxf5 Bg2 42. Rxf2 Bxf1 43. Nxf1 h5 44.
Ne3 1-0

[Event "Irish Championship 1999"]
[Site "Drogheda IRL"]
[Date "1999.04.08"]
[Round "6"]
[White "O'Connell, Gerard"]
[Black "Cafolla, Peter"]
[Result "1-0"]
[WhiteElo "2201"]
[BlackElo "2098"]
[WhiteICU "2155"]
[BlackICU "2039"]
[WhiteClub "St. Benildus"]
[BlackClub "Rathmines"]
[WhiteNationality "IRL"]
[BlackNationality "IRL"]
[WhiteFideId "2500493"]
[BlackFideId "2500884"]
[PlyCount "57"]
[EventDate "1999.04.03"]

{ Reference: <a
href="https://www.irlchess.com/irlch1999_allfiles/pairings_irlch1999.html">Tournament
report</a>. }

1. d4 d5 2. c4 Nc6 3. Nc3 dxc4 4. Nf3 Bg4 5. d5 Bxf3 6. exf3 Ne5 7. Bf4 Ng6
8. Bxc4 a6 9. Qa4+ Qd7 10. Bb5 axb5 11. Qxa8+ Qd8 12. Qxd8+ Kxd8 13. Bg3 f5
14. h4 h5 15. Nxb5 f4 16. Bh2 Nf6 17. O-O-O Kc8 18. Kb1 e6 19. dxe6 Bb4 20.
Rd4 c5 21. Rc1 Kb8 22. Bxf4+ Nxf4 23. Rxf4 Bd2 24. Rf5 Bxc1 25. Kxc1 b6 26.
Rg5 Re8 27. Rxg7 Rxe6 28. Rg6 Kc8 29. Nc3 1-0

[Event "Irish Championship 1999"]
[Site "Drogheda IRL"]
[Date "1999.04.08"]
[Round "6"]
[White "Orr, Mark J. L."]
[Black "O'Connor, Jonathan"]
[Result "1-0"]
[WhiteTitle "IM"]
[WhiteElo "2360"]
[BlackElo "2120"]
[WhiteICU "2288"]
[BlackICU "2162"]
[WhiteClub "Wandering Dragons SCO"]
[BlackClub "Dublin"]
[WhiteNationality "IRL"]
[BlackNationality "IRL"]
[WhiteFideId "2500035"]
[BlackFideId "2501112"]
[PlyCount "76"]
[EventDate "1999.04.03"]

{ Reference: <a
href="https://www.irlchess.com/irlch1999_allfiles/pairings_irlch1999.html">Tournament
report</a>. }

1. d4 d5 2. c4 e6 3. Nc3 c6 4. e3 Bd6 5. Nf3 f5 6. Ne5 Nf6 7. f4 O-O 8. Be2
Ne4 9. O-O Nd7 10. Nxe4 fxe4 11. Bd2 Nf6 12. b4 Qe8 13. a4 a6 14. Qb3 Kh8
15. c5 Bc7 16. b5 axb5 17. axb5 Rxa1 18. Rxa1 Nd7 19. Ra8 Nxe5 20. fxe5 Qf7
21. Be1 Qd7 22. Qa4 cxb5 23. Qxb5 Bd8 24. Qxd7 Bxd7 25. Rb8 Bc6 26. Bg4 Be7
27. Rxf8+ Bxf8 28. Bxe6 g5 29. Ba5 Be7 30. g4 Kg7 31. Kf2 Kf8 32. Ke2 Ke8
33. Kd2 h6 34. Kc3 Bf8 35. Bc7 Be7 36. Kb4 b5 37. Bc8 Kf7 38. h3 Kg6 1-0

[Event "Irish Championship 1999"]
[Site "Drogheda IRL"]
[Date "1999.04.09"]
[Round "7"]
[White "Brady, Stephen"]
[Black "Clarke, Tom"]
[Result "0-1"]
[WhiteTitle "FM"]
[WhiteElo "2320"]
[BlackElo "2170"]
[WhiteICU "2263"]
[BlackICU "2110"]
[WhiteClub "Public Service"]
[BlackClub "North Belfast"]
[WhiteNationality "IRL"]
[BlackNationality "IRL"]
[WhiteFideId "2500124"]
[BlackFideId "2500302"]
[PlyCount "106"]
[EventDate "1999.04.03"]

{ Reference: <a
href="https://www.irlchess.com/irlch1999_allfiles/pairings_irlch1999.html">Tournament
report</a>. }

1. e4 e6 2. d4 d5 3. Nd2 Nf6 4. e5 Nfd7 5. Bd3 c5 6. c3 Nc6 7. Ne2 cxd4 8.
cxd4 f6 9. exf6 Nxf6 10. Nf3 Bd6 11. O-O Qc7 12. Bg5 Bd7 13. Rc1 O-O 14.
Bh4 Nh5 15. Qc2 h6 16. Bg3 Be8 17. Bxd6 Qxd6 18. Qc5 Qxc5 19. Rxc5 Nf4 20.
Bb5 Nxe2+ 21. Bxe2 Bh5 22. Bb5 Bxf3 23. Bxc6 bxc6 24. gxf3 Rab8 25. b3 Rb6
26. Rfc1 Ra6 27. a4 Rc8 28. a5 Kf7 29. b4 Ke7 30. Ra1 Rb8 31. Ra4 Kd6 32.
Kg2 e5 33. dxe5+ Kxe5 34. f4+ Kd6 35. Rc3 d4 36. Rg3 Rb7 37. f5 Ke5 38. Rd3
Rd7 39. Ra1 Rb7 40. Re1+ Kd5 41. Rg3 c5 42. bxc5 Kxc5 43. Rg6 Rxg6+ 44.
fxg6 d3 45. Ra1 Re7 46. f4 Kb4 47. Kf2 d2 48. h4 Kb3 49. h5 Kb2 50. Rg1 Kc2
51. Kf3 d1=Q+ 52. Rxd1 Kxd1 53. f5 Re5 0-1

[Event "Irish Championship 1999"]
[Site "Drogheda IRL"]
[Date "1999.04.09"]
[Round "7"]
[White "Cafolla, Peter"]
[Black "O'Cinneide, Mel"]
[Result "1/2-1/2"]
[WhiteElo "2098"]
[BlackElo "2281"]
[WhiteICU "2039"]
[BlackICU "2247"]
[WhiteClub "Rathmines"]
[BlackClub "Crumlin"]
[WhiteNationality "IRL"]
[BlackNationality "IRL"]
[WhiteFideId "2500884"]
[BlackFideId "2500620"]
[PlyCount "160"]
[EventDate "1999.04.03"]
[BlackFullName "&Oacute; Cinn&eacute;ide, Mel"]

{ Reference: <a
href="https://www.irlchess.com/irlch1999_allfiles/pairings_irlch1999.html">Tournament
report</a>. }

1. d4 Nf6 2. c4 e6 3. Nc3 Bb4 4. Bg5 c5 5. Rc1 cxd4 6. Qxd4 Nc6 7. Bxf6
Qxf6 8. Qxf6 gxf6 9. e3 b6 10. Nf3 Bb7 11. Be2 Rc8 12. a3 Be7 13. Nd2 f5
14. Bf3 Ba6 15. Bxc6 Rxc6 16. Ne2 Bf6 17. Nd4 Rc7 18. O-O Ke7 19. a4 Rhc8
20. b3 Bxd4 21. exd4 d5 22. Rc3 Rd7 23. Rd1 dxc4 24. Nxc4 Bb7 25. Rh3 Rg8
26. f3 Rg7 27. Kf2 Bd5 28. Rd3 Rc7 29. Ne3 Kd6 30. Rh6 Rg6 31. Rxh7 f4 32.
Nc4+ Bxc4 33. bxc4 Rxc4 34. Rxf7 Rxa4 35. Rd2 Rh6 36. h3 Rh4 37. Rb2 Kd5
38. Rd7+ Kc6 39. Rf7 Kd6 40. Ke2 Kd5 41. Rd7+ Kc6 42. Rf7 Rxd4 43. Rxa7 Rh5
44. Ra8 b5 45. Ra6+ Kd7 46. Ra7+ Kd6 47. Ra6+ Ke7 48. Rb6 Rdd5 49. Kf2 Kf6
50. Rb8 Rhf5 51. Rb6 Rc5 52. Ke2 Rfd5 53. Kf2 Rf5 54. Ke2 Rce5+ 55. Kf2 Kg5
56. Rb8 Rc5 57. Rb6 Kf6 58. Ke2 Rfe5+ 59. Kf2 Rg5 60. Kf1 Rc1+ 61. Kf2 Rcc5
62. Rb8 Ke7 63. Rb7+ Kd6 64. Rb6+ Kd7 65. Ra6 Rgd5 66. Ke2 Rc6 67. Ra7+ Rc7
68. Ra6 Rc1 69. Rb6 Rg1 70. Kf2 Rdd1 71. Rd2+ Rxd2+ 72. Kxg1 Rd5 73. g4
fxg3 74. Kg2 e5 75. Kxg3 Kc7 76. Ra6 b4 77. Ra1 Kd6 78. h4 Ke6 79. Kg4 Rb5
80. f4 e4 1/2-1/2

[Event "Irish Championship 1999"]
[Site "Drogheda IRL"]
[Date "1999.04.09"]
[Round "7"]
[White "McCarthy, Jim"]
[Black "Fox, Anthony"]
[Result "1-0"]
[WhiteElo "2135"]
[BlackElo "2122"]
[WhiteICU "1885"]
[BlackICU "2065"]
[WhiteClub "St. Benildus"]
[BlackClub "Dun Laoghaire"]
[WhiteNationality "IRL"]
[BlackNationality "IRL"]
[WhiteFideId "2500930"]
[BlackFideId "2500736"]
[PlyCount "53"]
[EventDate "1999.04.03"]

{ Reference: <a
href="https://www.irlchess.com/irlch1999_allfiles/pairings_irlch1999.html">Tournament
report</a>. }

1. d4 d5 2. Nf3 Nf6 3. c4 e6 4. Nc3 Be7 5. Bg5 O-O 6. Qc2 h6 7. Bxf6 Bxf6
8. Rd1 c6 9. e3 Nd7 10. Bd3 b6 11. O-O Bb7 12. a3 Qb8 13. h3 Rd8 14. Rfe1
a6 15. e4 dxc4 16. Bxc4 b5 17. e5 Be7 18. Ba2 Nb6 19. Bb1 g6 20. Re4 Kh7
21. Rf4 Rf8 22. Rxf7+ Rxf7 23. Qxg6+ Kh8 24. Qxf7 Qg8 25. Qxe7 Rf8 26. Nh4
Rf7 27. Qxe6 1-0

[Event "Irish Championship 1999"]
[Site "Drogheda IRL"]
[Date "1999.04.09"]
[Round "7"]
[White "O'Connor, Jonathan"]
[Black "Kennedy, John P. A."]
[Result "1-0"]
[WhiteElo "2120"]
[BlackElo "2120"]
[WhiteICU "2162"]
[BlackICU "1721"]
[WhiteClub "Dublin"]
[BlackClub "Rathmines"]
[WhiteNationality "IRL"]
[BlackNationality "IRL"]
[WhiteFideId "2501112"]
[BlackFideId "2501120"]
[PlyCount "61"]
[EventDate "1999.04.03"]

{ Reference: <a
href="https://www.irlchess.com/irlch1999_allfiles/pairings_irlch1999.html">Tournament
report</a>. }

1. e4 c5 2. c3 d5 3. exd5 Qxd5 4. d4 e6 5. Nf3 Nf6 6. Be3 cxd4 7. cxd4 Be7
8. Nc3 Qd6 9. Bc4 a6 10. O-O O-O 11. a4 Nc6 12. Qe2 Nb4 13. Ne5 Nbd5 14.
Rad1 b6 15. Bg5 Bb7 16. f4 Nxc3 17. bxc3 Nd5 18. Rd3 Bxg5 19. fxg5 Nxc3 20.
Rxc3 Qxd4+ 21. Re3 Bd5 22. Rd1 Bxc4 23. Rxd4 Bxe2 24. Rxe2 b5 25. a5 Rfe8
26. Rd7 Rf8 27. Rd6 h6 28. g6 fxg6 29. Nxg6 Rf7 30. Rexe6 Rc8 31. Ne7+ 1-0

[Event "Irish Championship 1999"]
[Site "Drogheda IRL"]
[Date "1999.04.09"]
[Round "7"]
[White "O'Donovan, Richard"]
[Black "Orr, Mark J. L."]
[Result "0-1"]
[BlackTitle "IM"]
[WhiteElo "2176"]
[BlackElo "2360"]
[WhiteICU "2086"]
[BlackICU "2288"]
[WhiteClub "Public Service"]
[BlackClub "Wandering Dragons SCO"]
[WhiteNationality "IRL"]
[BlackNationality "IRL"]
[WhiteFideId "2500868"]
[BlackFideId "2500035"]
[PlyCount "58"]
[EventDate "1999.04.03"]

{ Reference: <a
href="https://www.irlchess.com/irlch1999_allfiles/pairings_irlch1999.html">Tournament
report</a>. }

1. e4 c6 2. d4 d5 3. f3 e6 4. Nc3 Nf6 5. Bg5 Be7 6. Bxf6 Bxf6 7. e5 Be7 8.
f4 c5 9. dxc5 Bxc5 10. Qg4 g6 11. O-O-O Nc6 12. h4 h5 13. Qg3 Bd7 14. Nf3
Qa5 15. Ng5 Bb4 16. Bd3 Rg8 17. Nxf7 Kxf7 18. Qg5 Qd8 19. Qh6 Qf8 20. Qg5
Be7 21. Qg3 Nd4 22. Qh3 Nf5 23. g3 a6 24. Rhe1 Bb4 25. Qg2 Bxc3 26. bxc3
Bc6 27. Qf3 Qa3+ 28. Kb1 d4 29. Be4 dxc3 0-1

[Event "Irish Championship 1999"]
[Site "Drogheda IRL"]
[Date "1999.04.09"]
[Round "7"]
[White "Ryan, Joe"]
[Black "O'Connell, Gerard"]
[Result "1/2-1/2"]
[WhiteElo "2277"]
[BlackElo "2201"]
[WhiteICU "2258"]
[BlackICU "2155"]
[WhiteClub "Bray/Greystones"]
[BlackClub "St. Benildus"]
[WhiteNationality "IRL"]
[BlackNationality "IRL"]
[WhiteFideId "2500426"]
[BlackFideId "2500493"]
[PlyCount "185"]
[EventDate "1999.04.03"]

{ Reference: <a
href="https://www.irlchess.com/irlch1999_allfiles/pairings_irlch1999.html">Tournament
report</a>. }

1. d4 Nf6 2. Nf3 g6 3. Bg5 Bg7 4. c3 O-O 5. Nbd2 d6 6. e4 c5 7. dxc5 dxc5
8. Bc4 h6 9. Bh4 Nc6 10. h3 Nh5 11. O-O Qc7 12. a4 b6 13. Re1 Bb7 14. Qe2
Rad8 15. Nf1 Na5 16. Ba2 Nf4 17. Qc2 Ba6 18. Bg3 Bd3 19. Qc1 e5 20. Bxf4
exf4 21. e5 g5 22. h4 Qe7 23. hxg5 hxg5 24. e6 f6 25. b4 Nc4 26. bxc5 bxc5
27. N1d2 g4 28. Bxc4 Bxc4 29. Nxc4 gxf3 30. Qxf4 fxg2 31. Qf5 Rfe8 32. Re4
Bh6 33. Qg6+ Qg7 34. Qxg7+ Kxg7 35. Rb1 Re7 36. Kxg2 f5 37. Re5 Kf6 38.
Rbe1 Bf4 39. Rxc5 Rxe6 40. Rxe6+ Kxe6 41. Kf3 Bh2 42. Ne3 Be5 43. Ke2 Rd7
44. Rc6+ Rd6 45. Rc8 Rd7 46. Re8+ Kf6 47. c4 Bd6 48. Nd5+ Kf7 49. Rh8 Bc5
50. f4 Bd4 51. Rh5 Ke6 52. Rh6+ Kf7 53. Rh5 Ke6 54. Ne3 Rf7 55. Rh6+ Kd7
56. Kd3 Bc5 57. Rg6 Bd6 58. Nd5 Bc5 59. Ne3 Bb6 60. Rh6 Bc5 61. a5 Bb4 62.
a6 Bc5 63. Nd5 Rg7 64. Rf6 Rg3+ 65. Kc2 Ra3 66. Rxf5 Rxa6 67. Nf6+ Kc6 68.
Ne4 Bd4 69. Rd5 Ra2+ 70. Kd3 Bg7 71. Rd6+ Kc7 72. Rg6 Ra3+ 73. Kc2 Bd4 74.
Rg3 Ra4 75. Kd3 Bh8 76. f5 Ra3+ 77. Kc2 Rxg3 78. Nxg3 Kd6 79. Kb3 Ke5 80.
Kb4 Bf6 81. Kb5 Bh4 82. Ne2 Bf2 83. Nc1 Kxf5 84. Nd3 Bg1 85. Nb4 Ke4 86.
Nc6 Kd3 87. Ne5+ Ke4 88. Nc6 Kd3 89. Nb4+ Ke4 90. Na6 Kd3 91. Nc5+ Kc3 92.
Na6 Kd3 93. c5 1/2-1/2

[Event "Irish Championship 1999"]
[Site "Drogheda IRL"]
[Date "1999.04.10"]
[Round "8"]
[White "Daly, Colm"]
[Black "Clarke, Tom"]
[Result "1-0"]
[WhiteTitle "FM"]
[WhiteElo "2376"]
[BlackElo "2170"]
[WhiteICU "2344"]
[BlackICU "2110"]
[WhiteClub "Swords"]
[BlackClub "North Belfast"]
[WhiteNationality "IRL"]
[BlackNationality "IRL"]
[WhiteFideId "2500434"]
[BlackFideId "2500302"]
[PlyCount "67"]
[EventDate "1999.04.03"]

{ Reference: <a
href="https://www.irlchess.com/irlch1999_allfiles/pairings_irlch1999.html">Tournament
report</a>. }

1. c4 f5 2. g3 Nf6 3. Bg2 Nc6 4. Nc3 e5 5. d3 d6 6. Rb1 a5 7. a3 Be7 8. Bg5
O-O 9. e3 Ng4 10. Bxe7 Nxe7 11. h3 Nh6 12. f4 Nf7 13. Nf3 exf4 14. exf4 d5
15. O-O Ra6 16. Kh2 Rh6 17. Re1 c6 18. Qe2 Re6 19. Qf2 dxc4 20. dxc4 Nd6
21. Rbd1 Qc7 22. b3 h6 23. Rxe6 Bxe6 24. Nd4 Bc8 25. Qe3 Rf6 26. c5 Nf7 27.
Ndb5 cxb5 28. Nxb5 Qb8 29. Qxe7 Re6 30. Rd8+ Nxd8 31. Qxd8+ Kh7 32. Bd5
Re2+ 33. Kg1 Qa8 34. Bf7 1-0

[Event "Irish Championship 1999"]
[Site "Drogheda IRL"]
[Date "1999.04.10"]
[Round "8"]
[White "Fox, Anthony"]
[Black "Kennedy, John P. A."]
[Result "1/2-1/2"]
[WhiteElo "2122"]
[BlackElo "2120"]
[WhiteICU "2065"]
[BlackICU "1721"]
[WhiteClub "Dun Laoghaire"]
[BlackClub "Rathmines"]
[WhiteNationality "IRL"]
[BlackNationality "IRL"]
[WhiteFideId "2500736"]
[BlackFideId "2501120"]
[PlyCount "38"]
[EventDate "1999.04.03"]

{ Reference: <a
href="https://www.irlchess.com/irlch1999_allfiles/pairings_irlch1999.html">Tournament
report</a>. }

1. e4 c5 2. Nc3 Nc6 3. g3 g6 4. d3 Bg7 5. Be3 d6 6. Bg2 e6 7. Qd2 Nge7 8.
Nge2 Nd4 9. O-O O-O 10. f4 Rb8 11. Nd1 Nxe2+ 12. Qxe2 b5 13. Qd2 Qc7 14. a3
d5 15. e5 d4 16. Bf2 Bb7 17. c3 Bxg2 18. Kxg2 Qb7+ 19. Kg1 Rfd8 1/2-1/2